• 首页
  • 本馆介绍
  • 公告通知
  • 最新文献
  • 馆藏检索
  • 电子资源
  • 读者导购
  • 参考咨询
  • 我的图书馆
  • 登录
  • 详细信息显示
  • 放入我的书架
  • 预约/预借图书
  • 作者相关作品
  • 分类相关作品
  • 丛书相关作品
  • 出版社相关作品

书目信息

  • 表格格式
  • 工作单格式
  • 卡片格式
题名:
肝炎患者自我疗养
    
 
作者: 厉保良 , 邢洪中 , 王永怡 编著
分册:  
出版信息: 北京   北京科学技术出版社  1992
页数: 193页
开本: 19cm
丛书名:
单 册:
中图分类: R575.1
科图分类:
主题词: 肝炎--普及读物 , 消化系统疾病 , 腹腔疾病
电子资源:
ISBN: 7-5304-1106-3
000 00730cam 2200026545
001 0663067483
005 20060811173151.21
010    @a7-5304-1106-3@dCNY3.60
100    @a20001220d1992 ekmy0chiy0121 eb
101 0  @achi
102    @aCN@b110000
105    @ay z 000yy
106    @ar
200 10 @a肝炎患者自我疗养@Agan yan huan zhe zi wo liao yang@f王永怡等编著
210    @a北京@c北京科学技术出版社@d1992
215    @a193页@d19cm
606    @a肝炎@x普及读物
606 0  @a消化系统疾病
606 0  @a腹腔疾病
690    @aR575.1@v3
701  0 @a厉保良@4编著@Ali bao liang
701  0 @a邢洪中@4编著@Axing hong zhong
701  0 @a王永怡@4编著@AWang Yong Yi
801 0  @c20060811
905    @a10447@dR575.1@e66
    
    肝炎患者自我疗养/王永怡等编著 .-北京:北京科学技术出版社,1992
    193页;19cm
    
    
    ISBN 7-5304-1106-3:CNY3.60
    
●
相关链接 在E读中查询图书 在五车中查询图书 在当当中查询图书 在豆瓣中查询图书


正题名:肝炎患者自我疗养     索取号:R575.1/66         预约/预借

序号 登录号 条形码 馆藏地/架位号 状态 备注
1 0452302   204523024   密集书库/ [索取号:R575.1/66] 在馆    
唐山师范学院图书馆 欢迎您!
大连网信软件有限公司© 版权所有